Ethical challenges in study design and informed consent for health research in resource - poor settings
Gardado en:
| Autor Principal: | |
|---|---|
| Formato: | Unknown |
| Publicado: |
Geneva
World Health organization
2007
|
| Subjects: | |
| Acceso en liña: | Visit NHRC Library |
| Tags: |
Engadir etiqueta
Sen Etiquetas, Sexa o primeiro en etiquetar este rexistro!
|
| LEADER | 00787 a2200217 4500 | ||
|---|---|---|---|
| 003 | 1323 | ||
| 005 | 20220906184538.0 | ||
| 952 | |0 0 |1 0 |2 lcc |4 0 |6 W 00020.00005/MAR/02007 |7 0 |9 341 |a NHRC |b NHRC |c CART |d 2012-05-16 |l 0 |o W 20.5/MAR/2007 |p 001323 |r 2012-05-16 |w 2012-05-16 |y BK | ||
| 999 | |c 337 |d 337 | ||
| 020 | |a 9789241563383 | ||
| 022 | |a 16835409 | ||
| 060 | |a W 20.5 | ||
| 100 | |a Marshall, A |9 4286 | ||
| 245 | |a Ethical challenges in study design and informed consent for health research in resource - poor settings | ||
| 260 | |a Geneva |b World Health organization |c 2007 | ||
| 300 | |a 79p. |b iii | ||
| 500 | |a Book | ||
| 546 | |a Eng. | ||
| 650 | |a Ethics research |a Informed consent |a Research design |a Developing countries |9 4287 | ||
| 856 | |u http://nhrc.gov.np/contact/ |y Visit NHRC Library | ||
| 942 | |2 NLM |c BK | ||